00727nam a22001817a 4500952015500000999001700155003000400172005001700176008004100193020001800234040000900252082002200261100003000283245013900313260003400452300000900486942005000495 00102ddc40708SOCIAL SCIENCEaMESbMEScSOCIAL SCIENCEd2021-03-10g225.00l0o303.490954 KAL/Vp40973r2021-03-10 00:00:00w2021-03-10yBKzGL50R4 c41100d41100OSt20210310114829.0210310b ||||| |||| 00| 0 eng d a9788126467686 coclc a303.490954bKAL/V 92031aKalam, A P J Abdul  aVikasanathinte Mattolikal = Beyond 2020 A Vision For Tomorrow's India bNalathe Indiaykkuvendiyulla Margadarsanam /cA P J Abdul Kalam aKottayam:bD C Books, c2016. a231p 2ddccBKh303.490954iKAL/Vk303.490954mKAL/V